{"text_format":"3","workbook":"xlsx","n_sheets":3,"sheets":["BOQ PER SITE","OVERALL BOQ","SOW"],"read":"whole","date_system":"1900"}

{"sheet":"BOQ PER SITE","index":0,"n_rows":185,"n_cols":7,"rows_kept":185,"merged":[[0,1,0,6],[1,1,1,6],[4,3,10,6],[10,1,10,2],[12,3,28,6],[28,1,28,2],[30,3,40,6],[40,1,40,2],[42,3,71,6],[71,1,71,2],[73,3,100,6],[100,1,100,2],[101,1,101,2],[102,1,102,2],[102,3,104,6],[103,1,103,2],[104,1,104,2],[106,3,115,6],[115,1,115,2],[117,3,126,6],[126,1,126,2],[128,3,141,6],[143,3,145,6],[145,1,145,2],[146,1,146,2],[147,1,147,2],[147,3,151,6],[148,1,148,2],[149,1,149,2],[150,1,150,2],[151,1,151,2],[153,3,158,6],[158,1,158,2],[160,3,165,6],[165,1,165,2],[167,1,167,2],[167,3,170,6],[168,1,168,2],[169,1,169,2],[170,1,170,2],[171,1,171,2],[172,1,172,2],[173,1,173,2],[174,1,174,2],[175,1,175,2],[176,1,176,2],[177,1,177,2],[178,1,178,2],[179,1,179,2],[180,1,180,2],[181,1,181,2],[182,1,182,2],[183,1,183,2]]}
[null,"Supply and delivery of Eskom approved Substation Clamps and Eskom marked AAAC Conductor"]
[null,"1) THE SUPPLY AND DELIVERY OF ESKOM APPROVED CLAMPS AND ESKOM MARKED CONDUCTOR AS PER ESKOM IDENTIFIED REQUIREMENTS ON VARIOUS SUBSTATIONS / SITES ACROSS ALL SOUTH AFRICAN PROVINCES.\n2) Supplier to comply with all Eskom SHEQ standards and requirements at all times. \n3) Supplier to contact SITE MANAGER for information and directions prior to delivery being made.  \n4) Supplier Vehicles to comply to all relevant Eskom and Site specifications and regulations.\n5) All products to fully comply with applicable Eskom / SABS Specifications.\n"]
["ITEM","NEW TYPE DESIGNATION","OLD TYPE DESIGNATION","QTY","UoM","RATE","TOTAL"]
[1,"EUT TYPE INCLUDING ANY COMBINATION OF THE BELOW","UT YPE INCLUDING ANY COMBINATION OF THE BELOW",12,"EA",{"v":315,"d":"R315.00"},{"$f":"D4*F4","v":{"v":3780,"d":"R3,780.00"}}]
[1.1,"EUT-A","UT-1"]
[1.2,"EUT-B","UT-2"]
[1.3,"EUT-C","UT-3"]
[1.4,"EUT-D","UT-4"]
[1.5,"EUT-E","UT-5"]
[1.6,"EUT-F","UT-6"]
[null,"All clamps supplied with M12 Galvanised U-bolts, nuts and washers"]
[2,"EXC YPE INCLUDING ANY COMBINATION OF THE BELOW","KC YPE INCLUDING ANY COMBINATION OF THE BELOW",36,"EA",{"v":1250,"d":"R1,250.00"},{"$f":"D12*F12","v":{"v":45000,"d":"R45,000.00"}}]
[2.1,"EXC – A ","KC1"]
[2.2,"EXC – B ","KC2"]
[2.3,"EXC – C ","KC3"]
[2.4,"EXC – D ","KC4"]
[2.5,"EXC – E ","KC5"]
[2.6,"EXC – F ","KC6"]
[2.7,"EXC – G ","KC7"]
[2.8,"EXC – H ","KC8"]
[2.9,"EXC – J ","KC9"]
["2.10","EXC – K ","KC10"]
[2.11,"EXC – L ","KC11"]
[2.12,"EXC – M ","KC12"]
[2.13,"EXC – N ","KC13"]
[2.14,"EXC – P ","KC14"]
[2.15,"EXC – Q ","KC15"]
[2.16,"EXC – R","KC16"]
[null,"All clamps supplied with M12 HDG, nuts and washers"]
[3,"EX TYPE INCLUDING ANY COMBINATION OF THE BELOW","K TYPE INCLUDING ANY COMBINATION OF THE BELOW",36,"EA",{"v":850,"d":"R850.00"},{"$f":"D30*F30","v":{"v":30600,"d":"R30,600.00"}}]
[3.1,"EX – A ","K1"]
[3.2,"EX – B ","K2"]
[3.3,"EX – C ","K3"]
[3.4,"EX – D ","K4"]
[3.5,"EX – E ","K5"]
[3.6,"EX – F ","K6"]
[3.7,"EX – G ","K7"]
[3.8,"EX – H ","K8"]
[3.9,"EX – J ","K9"]
["3.10","EX – K ","K10"]
[null,"All clamps supplied with M10/12 HDG bolts, nuts and washers"]
[4,"ETC TYPE INCLUDING ANY COMBINATION OF THE BELOW","TC TYPE INCLUDING ANY COMBINATION OF THE BELOW",36,"EA",{"v":950,"d":"R950.00"},{"$f":"D42*F42","v":{"v":34200,"d":"R34,200.00"}}]
[4.1,"ETC – A ","TC 1"]
[4.2,"ETC – B ","TC 2"]
[4.3,"ETC – C ","TC 3"]
[4.4,"ETC – D ","TC 4"]
[4.5,"ETC – E ","TC 5"]
[4.6,"ETC – F ","TC 6"]
[4.7,"ETC – G ","TC 7"]
[4.8,"ETC – H ","TC 8"]
[4.9,"ETC – J ","TC 9"]
["4.10","ETC – K","TC 10"]
[4.11,"ETC – L ","TC 11"]
[4.12,"ETC – M ","TC 12"]
[4.13,"ETC – N ","TC 13"]
[4.14,"ETC - P","TC 14"]
[4.15,"ETC – Q ","TC 15"]
[4.16,"ETC – R","TC 16"]
[4.17,"ETC – S ","TC 17"]
[4.18,"ETC – T ","TC 18"]
[4.19,"ETC – U ","TC 19"]
["4.20","ETC – V ","TC 20"]
[4.21,"ETC – W ","TC 21"]
[4.22,"ETC – X ","TC 22"]
[4.23,"ETC – Y ","TC 23"]
[4.24,"ETC – Z ","TC 24"]
[4.25,"ETC – AA ","TC 25"]
[4.26,"ETC – AB ","TC 26"]
[4.27,"ETC – AC ","TC 27"]
[4.28,"ETC – AD","TC 28"]
[4.29,"ETC – AE","TC 29"]
[null,"All clamps supplied with M12 HDG bolts, nuts and washers"]
[5,"EYC TYPE INCLUDING ANY COMBINATION OF THE BELOW","YC TYPE INCLUDING ANY COMBINATION OF THE BELOW",48,"EA",{"v":1550,"d":"R1,550.00"},{"$f":"D73*F73","v":{"v":74400,"d":"R74,400.00"}}]
[5.1,"EYC – A ","YC1"]
[5.2,"EYC – B","YC2"]
[5.3,"EYC – C ","YC3"]
[5.4,"EYC – D","YC4"]
[5.5,"EYC – E ","YC5"]
[5.6,"EYC – F ","YC6"]
[5.7,"EYC – G ","YC7"]
[5.8,"EYC – H ","YC8"]
[5.9,"EYC – J ","YC9"]
["5.10","EYC – K ","YC10"]
[5.11,"EYC – L ","YC11"]
[5.12,"EYC – M ","YC12"]
[5.13,"EYC – N ","YC13"]
[5.14,"EYC – P ","YC14"]
[5.15,"EYC – Q","YC15"]
[5.16,"EYC – R ","YC16"]
[5.17,"EYC – S ","YC17"]
[5.18,"EYC – T ","YC18"]
[5.19,"EYC – U ","YC19"]
["5.20","EYC – V ","YC20"]
[5.21,"EYC – W","YC21"]
[5.22,"EYC – X ","YC22"]
[5.23,"EYC – Y","YC23"]
[5.24,"EYC – Z ","YC24"]
[5.25,"EYC – AA","YC25"]
[5.26,"EYC – AB ","YC26"]
[5.27,"EYC – AC ","YC27"]
[null,"All clamps supplied with M12 HDG, nuts and washers"]
[6,"EY 3 TYPE INCLUDING ANY COMBINATION OF THE BELOW",null,12,"EA",{"v":3250,"d":"R3,250.00"},{"$f":"D102*F102","v":{"v":39000,"d":"R39,000.00"}}]
[6.1,"EY 3 – A "]
[6.2,"EY 3 – B "]
[null,"All clamps supplied with M12 HDG bolts, nuts and washers"]
[7,"EY TYPE INCLUDING ANY COMBINATION OF THE BELOW","Y TYPE INCLUDING ANY COMBINATION OF THE BELOW",12,"EA",{"v":2100,"d":"R2,100.00"},{"$f":"D106*F106","v":{"v":25200,"d":"R25,200.00"}}]
[7.1,"EY – A ","Y 1"]
[7.2,"EY – B ","Y 2"]
[7.3,"EY – C ","Y 3"]
[7.4,"EY – D ","Y 4"]
[7.5,"EY – E ","Y 5"]
[7.6,"EY – F ","Y 6"]
[7.7,"EY – G","Y 7"]
[7.8,"EY – H ","Y 8"]
[7.9,"EY – J ","Y 9"]
[null,"All clamps supplied with M12 HDG bolts, nuts and washers"]
[8,"EYC 3TYPE INCLUDING ANY COMBINATION OF THE BELOW","3YC TYPE INCLUDING ANY COMBINATION OF THE BELOW",12,"EA",{"v":2150,"d":"R2,150.00"},{"$f":"D117*F117","v":{"v":25800,"d":"R25,800.00"}}]
[8.1,"EYC 3 – A","3YC1"]
[8.2,"EYC 3 – B ","3YC2"]
[8.3,"EYC 3 – C ","3YC3"]
[8.4,"EYC 3 – D","3YC4"]
[8.5,"EYC 3 – E ","3YC5"]
[8.6,"EYC 3 – F ","3YC6"]
[8.7,"EYC 3 – G","3YC7"]
[8.8,"EYC 3 – H ","3YC8"]
[8.9,"EYC 3 – J ","3YC9"]
[null,"All clamps supplied with M12 HDG bolts, nuts and washers"]
[9,"EPC TYPE INCLUDING ANY COMBINATION OF THE BELOW","SPC TYPE INCLUDING ANY COMBINATION OF THE BELOW",12,"EA",{"v":650,"d":"R650.00"},{"$f":"D128*F128","v":{"v":7800,"d":"R7,800.00"}}]
[9.1,"EPC – A ","SPC1"]
[9.2,"EPC – B","SPC2"]
[9.3,"EPC – C ","SPC3"]
[9.4,"EPC – D ","SPC4"]
[9.5,"EPC – E","SPC5"]
[9.6,"EPC – F ","SPC6"]
[9.7,"EPC – G ","SPC7"]
[9.8,"EPC – H ","SPC8"]
[9.9,"EPC – J ","SPC9"]
["9.10","EPC – K","SPC10"]
[9.11,"EPC – L ","SPC11"]
[9.12,"EPC – M ","SPC12"]
[9.13,"EPC – N ","SPC13"]
[9.14,"EPC – P ","SPC14"]
[10,"EXP TYPE INCLUDING ANY COMBINATION OF THE BELOW","STP TYPE INCLUDING ANY COMBINATION OF THE BELOW",12,"EA",{"v":1550,"d":"R1,550.00"},{"$f":"D143*F143","v":{"v":18600,"d":"R18,600.00"}}]
[10.1,"EXP – A ","STP 26"]
[10.2,"EXP – B ","STP 38"]
[null," All clamps supplied with M12 HDG, nuts and washers"]
[11,"EXCP TYPE INCLUDING ANY COMBINATION OF THE BELOW",null,12,"EA",{"v":2950,"d":"R2,950.00"},{"$f":"D147*F147","v":{"v":35400,"d":"R35,400.00"}}]
[11.1,"EXCP – A "]
[11.2,"EXCP – B "]
[11.3,"EXCP – C"]
[11.4,"EXCP – D "]
[null,"All clamps supplied with M12 HDG bolts, nuts and washers"]
[12,"EYBC TYPE INCLUDING ANY COMBINATION OF THE BELOW","YBC TYPE INCLUDING ANY COMBINATION OF THE BELOW",12,"EA",{"v":2250,"d":"R2,250.00"},{"$f":"D153*F153","v":{"v":27000,"d":"R27,000.00"}}]
[12.1,"EYBC – A ","YBC26/26/15"]
[12.2,"EYBC – B ","YBC26/28/33"]
[12.3,"EYBC – C","YBC38/26/15"]
[12.4,"EYBC – D ","YBC38/38/15"]
[12.5,"EYBC – E ","YBC38/38/33"]
[null,"All clamps supplied with M12 HDG bolts, nuts and washers"]
[13,"ES TYPE INCLUDING ANY COMBINATION OF THE BELOW","S TYPE INCLUDING ANY COMBINATION OF THE BELOW",72,"EA",{"v":350,"d":"R350.00"},{"$f":"D160*F160","v":{"v":25200,"d":"R25,200.00"}}]
[13.1,"ES – A ","S1"]
[13.2,"ES – B ","S2"]
[13.3,"ES – C ","S3"]
[13.4,"ES – D ","S4"]
[13.5,"ES – E ","S5"]
[null,"Fittings supplied with HDG M12 bolts, nuts and washers"]
[14,"EPT TYPE INCLUDING ANY COMBINATION OF THE BELOW",null,12,"EA",{"v":2250,"d":"R2,250.00"},{"$f":"D167*F167","v":{"v":27000,"d":"R27,000.00"}}]
[14.1,"EPT – A "]
[14.2,"EPT – B "]
[null,"All clamps supplied with M12 HDG bolts, nuts and washers"]
[15,"MISCELLANEOUS CLAMPS"]
[15.1,"Bracket Control Cable ",null,200,"EA",{"v":250,"d":"R250.00"},{"$f":"D172*F172","v":{"v":50000,"d":"R50,000.00"}}]
[15.2,"Ball Joint Portable Earth",null,200,"EA",{"v":250,"d":"R250.00"},{"$f":"D173*F173","v":{"v":50000,"d":"R50,000.00"}}]
[15.3,"Lug AL Hornet 1B M12 0DG 1/C",null,200,"EA",{"v":95,"d":"R95.00"},{"v":19000,"d":"R19,000.00"}]
[16,"CONDUCTOR"]
[16.1,"Hornet AAAC",null,500,"m",{"v":58.94,"d":"R58.94"},{"$f":"D176*F176","v":{"v":29470,"d":"R29,470.00"}}]
[16.2,"Covered Hornet AAAC",null,200,"m",{"$f":"F176*1.75","v":{"v":103.145,"d":"R103.15"}},{"$f":"D177*F177","v":{"v":20629,"d":"R20,629.00"}}]
[16.3,"Centipede AAAC",null,500,"m",{"v":121.3,"d":"R121.30"},{"v":60650,"d":"R60,650.00"}]
[16.4,"Covered Centipede AAAC",null,200,"m",{"$f":"F178*1.75","v":{"v":212.275,"d":"R212.28"}},{"v":42455,"d":"R42,455.00"}]
[16.5,"Bull AAAC",null,2000,"m",{"v":237.3,"d":"R237.30"},{"v":474600,"d":"R474,600.00"}]
[16.6,"Covered Bull AAAC",null,100,"m",{"$f":"F180*1.75","v":{"v":415.27500000000003,"d":"R415.28"}},{"v":41527.5,"d":"R41,527.50"}]
[17,"DELIVERY"]
[17.1,"Delivery to site per LDV  ≤1000kg",null,2500,"km",{"v":6,"d":"R6.00"},{"v":15000,"d":"R15,000.00"}]
[17.2,"Delivery to Site per Truck ≥1000kg",null,2500,"km",{"v":30,"d":"R30.00"},{"v":75000,"d":"R75,000.00"}]
[{"$nulls":5},"Total per site",{"$f":"SUM(G5:G184)","v":{"v":1293531.5,"d":"R1,293,531.50"}}]

{"sheet":"OVERALL BOQ","index":1,"n_rows":185,"n_cols":7,"rows_kept":185,"merged":[[0,1,0,6],[1,1,1,6],[4,3,10,6],[10,1,10,2],[12,3,28,6],[28,1,28,2],[30,3,40,6],[40,1,40,2],[42,3,71,6],[71,1,71,2],[73,3,100,6],[100,1,100,2],[101,1,101,2],[102,1,102,2],[102,3,104,6],[103,1,103,2],[104,1,104,2],[106,3,115,6],[115,1,115,2],[117,3,126,6],[126,1,126,2],[128,3,141,6],[143,3,145,6],[145,1,145,2],[146,1,146,2],[147,1,147,2],[147,3,151,6],[148,1,148,2],[149,1,149,2],[150,1,150,2],[151,1,151,2],[153,3,158,6],[158,1,158,2],[160,3,165,6],[165,1,165,2],[167,1,167,2],[167,3,170,6],[168,1,168,2],[169,1,169,2],[170,1,170,2],[171,1,171,2],[172,1,172,2],[173,1,173,2],[174,1,174,2],[175,1,175,2],[176,1,176,2],[177,1,177,2],[178,1,178,2],[179,1,179,2],[180,1,180,2],[181,1,181,2],[182,1,182,2],[183,1,183,2]]}
[null,"Supply and delivery of Eskom approved Substation Clamps and Eskom marked AAAC Conductor"]
[null,"1) THE SUPPLY AND DELIVERY OF ESKOM APPROVED CLAMPS AND ESKOM MARKED CONDUCTOR AS PER ESKOM IDENTIFIED REQUIREMENTS ON VARIOUS SUBSTATIONS / SITES ACROSS ALL SOUTH AFRICAN PROVINCES.\n2) Supplier to comply with all Eskom SHEQ standards and requirements at all times. \n3) Supplier to contact SITE MANAGER for information and directions prior to delivery being made.  \n4) Supplier Vehicles to comply to all relevant Eskom and Site specifications and regulations.\n5) All products to fully comply with applicable Eskom / SABS Specifications.\n"]
["ITEM","NEW TYPE DESIGNATION","OLD TYPE DESIGNATION","QTY","UoM","RATE","TOTAL"]
[1,"EUT TYPE INCLUDING ANY COMBINATION OF THE BELOW","UT YPE INCLUDING ANY COMBINATION OF THE BELOW",{"$f":"'BOQ PER SITE'!D4*60","v":720},"EA",null,{"$f":"D4*F4","v":0}]
[1.1,"EUT-A","UT-1"]
[1.2,"EUT-B","UT-2"]
[1.3,"EUT-C","UT-3"]
[1.4,"EUT-D","UT-4"]
[1.5,"EUT-E","UT-5"]
[1.6,"EUT-F","UT-6"]
[null,"All clamps supplied with M12 Galvanised U-bolts, nuts and washers"]
[2,"EXC YPE INCLUDING ANY COMBINATION OF THE BELOW","KC YPE INCLUDING ANY COMBINATION OF THE BELOW",{"$f":"'BOQ PER SITE'!D12*60","v":2160},"EA",null,{"$f":"D12*F12","v":0}]
[2.1,"EXC – A ","KC1"]
[2.2,"EXC – B ","KC2"]
[2.3,"EXC – C ","KC3"]
[2.4,"EXC – D ","KC4"]
[2.5,"EXC – E ","KC5"]
[2.6,"EXC – F ","KC6"]
[2.7,"EXC – G ","KC7"]
[2.8,"EXC – H ","KC8"]
[2.9,"EXC – J ","KC9"]
["2.10","EXC – K ","KC10"]
[2.11,"EXC – L ","KC11"]
[2.12,"EXC – M ","KC12"]
[2.13,"EXC – N ","KC13"]
[2.14,"EXC – P ","KC14"]
[2.15,"EXC – Q ","KC15"]
[2.16,"EXC – R","KC16"]
[null,"All clamps supplied with M12 HDG, nuts and washers"]
[3,"EX TYPE INCLUDING ANY COMBINATION OF THE BELOW","K TYPE INCLUDING ANY COMBINATION OF THE BELOW",{"$f":"'BOQ PER SITE'!D30*60","v":2160},"EA",null,{"$f":"D30*F30","v":0}]
[3.1,"EX – A ","K1"]
[3.2,"EX – B ","K2"]
[3.3,"EX – C ","K3"]
[3.4,"EX – D ","K4"]
[3.5,"EX – E ","K5"]
[3.6,"EX – F ","K6"]
[3.7,"EX – G ","K7"]
[3.8,"EX – H ","K8"]
[3.9,"EX – J ","K9"]
["3.10","EX – K ","K10"]
[null,"All clamps supplied with M10/12 HDG bolts, nuts and washers"]
[4,"ETC TYPE INCLUDING ANY COMBINATION OF THE BELOW","TC TYPE INCLUDING ANY COMBINATION OF THE BELOW",{"$f":"'BOQ PER SITE'!D42*60","v":2160},"EA",null,{"$f":"D42*F42","v":0}]
[4.1,"ETC – A ","TC 1"]
[4.2,"ETC – B ","TC 2"]
[4.3,"ETC – C ","TC 3"]
[4.4,"ETC – D ","TC 4"]
[4.5,"ETC – E ","TC 5"]
[4.6,"ETC – F ","TC 6"]
[4.7,"ETC – G ","TC 7"]
[4.8,"ETC – H ","TC 8"]
[4.9,"ETC – J ","TC 9"]
["4.10","ETC – K","TC 10"]
[4.11,"ETC – L ","TC 11"]
[4.12,"ETC – M ","TC 12"]
[4.13,"ETC – N ","TC 13"]
[4.14,"ETC - P","TC 14"]
[4.15,"ETC – Q ","TC 15"]
[4.16,"ETC – R","TC 16"]
[4.17,"ETC – S ","TC 17"]
[4.18,"ETC – T ","TC 18"]
[4.19,"ETC – U ","TC 19"]
["4.20","ETC – V ","TC 20"]
[4.21,"ETC – W ","TC 21"]
[4.22,"ETC – X ","TC 22"]
[4.23,"ETC – Y ","TC 23"]
[4.24,"ETC – Z ","TC 24"]
[4.25,"ETC – AA ","TC 25"]
[4.26,"ETC – AB ","TC 26"]
[4.27,"ETC – AC ","TC 27"]
[4.28,"ETC – AD","TC 28"]
[4.29,"ETC – AE","TC 29"]
[null,"All clamps supplied with M12 HDG bolts, nuts and washers"]
[5,"EYC TYPE INCLUDING ANY COMBINATION OF THE BELOW","YC TYPE INCLUDING ANY COMBINATION OF THE BELOW",{"$f":"'BOQ PER SITE'!D73*60","v":2880},"EA",null,{"$f":"D73*F73","v":0}]
[5.1,"EYC – A ","YC1"]
[5.2,"EYC – B","YC2"]
[5.3,"EYC – C ","YC3"]
[5.4,"EYC – D","YC4"]
[5.5,"EYC – E ","YC5"]
[5.6,"EYC – F ","YC6"]
[5.7,"EYC – G ","YC7"]
[5.8,"EYC – H ","YC8"]
[5.9,"EYC – J ","YC9"]
["5.10","EYC – K ","YC10"]
[5.11,"EYC – L ","YC11"]
[5.12,"EYC – M ","YC12"]
[5.13,"EYC – N ","YC13"]
[5.14,"EYC – P ","YC14"]
[5.15,"EYC – Q","YC15"]
[5.16,"EYC – R ","YC16"]
[5.17,"EYC – S ","YC17"]
[5.18,"EYC – T ","YC18"]
[5.19,"EYC – U ","YC19"]
["5.20","EYC – V ","YC20"]
[5.21,"EYC – W","YC21"]
[5.22,"EYC – X ","YC22"]
[5.23,"EYC – Y","YC23"]
[5.24,"EYC – Z ","YC24"]
[5.25,"EYC – AA","YC25"]
[5.26,"EYC – AB ","YC26"]
[5.27,"EYC – AC ","YC27"]
[null,"All clamps supplied with M12 HDG, nuts and washers"]
[6,"EY 3 TYPE INCLUDING ANY COMBINATION OF THE BELOW",null,{"$f":"'BOQ PER SITE'!D102*60","v":720},"EA",null,{"$f":"D102*F102","v":0}]
[6.1,"EY 3 – A "]
[6.2,"EY 3 – B "]
[null,"All clamps supplied with M12 HDG bolts, nuts and washers"]
[7,"EY TYPE INCLUDING ANY COMBINATION OF THE BELOW","Y TYPE INCLUDING ANY COMBINATION OF THE BELOW",{"$f":"'BOQ PER SITE'!D106*60","v":720},"EA",null,{"$f":"D106*F106","v":0}]
[7.1,"EY – A ","Y 1"]
[7.2,"EY – B ","Y 2"]
[7.3,"EY – C ","Y 3"]
[7.4,"EY – D ","Y 4"]
[7.5,"EY – E ","Y 5"]
[7.6,"EY – F ","Y 6"]
[7.7,"EY – G","Y 7"]
[7.8,"EY – H ","Y 8"]
[7.9,"EY – J ","Y 9"]
[null,"All clamps supplied with M12 HDG bolts, nuts and washers"]
[8,"EYC 3TYPE INCLUDING ANY COMBINATION OF THE BELOW","3YC TYPE INCLUDING ANY COMBINATION OF THE BELOW",{"$f":"'BOQ PER SITE'!D117*60","v":720},"EA",null,{"$f":"D117*F117","v":0}]
[8.1,"EYC 3 – A","3YC1"]
[8.2,"EYC 3 – B ","3YC2"]
[8.3,"EYC 3 – C ","3YC3"]
[8.4,"EYC 3 – D","3YC4"]
[8.5,"EYC 3 – E ","3YC5"]
[8.6,"EYC 3 – F ","3YC6"]
[8.7,"EYC 3 – G","3YC7"]
[8.8,"EYC 3 – H ","3YC8"]
[8.9,"EYC 3 – J ","3YC9"]
[null,"All clamps supplied with M12 HDG bolts, nuts and washers"]
[9,"EPC TYPE INCLUDING ANY COMBINATION OF THE BELOW","SPC TYPE INCLUDING ANY COMBINATION OF THE BELOW",{"$f":"'BOQ PER SITE'!D128*60","v":720},"EA",null,{"$f":"D128*F128","v":0}]
[9.1,"EPC – A ","SPC1"]
[9.2,"EPC – B","SPC2"]
[9.3,"EPC – C ","SPC3"]
[9.4,"EPC – D ","SPC4"]
[9.5,"EPC – E","SPC5"]
[9.6,"EPC – F ","SPC6"]
[9.7,"EPC – G ","SPC7"]
[9.8,"EPC – H ","SPC8"]
[9.9,"EPC – J ","SPC9"]
["9.10","EPC – K","SPC10"]
[9.11,"EPC – L ","SPC11"]
[9.12,"EPC – M ","SPC12"]
[9.13,"EPC – N ","SPC13"]
[9.14,"EPC – P ","SPC14"]
[10,"EXP TYPE INCLUDING ANY COMBINATION OF THE BELOW","STP TYPE INCLUDING ANY COMBINATION OF THE BELOW",{"$f":"'BOQ PER SITE'!D143*60","v":720},"EA",null,{"$f":"D143*F143","v":0}]
[10.1,"EXP – A ","STP 26"]
[10.2,"EXP – B ","STP 38"]
[null," All clamps supplied with M12 HDG, nuts and washers"]
[11,"EXCP TYPE INCLUDING ANY COMBINATION OF THE BELOW",null,{"$f":"'BOQ PER SITE'!D147*60","v":720},"EA",null,{"$f":"D147*F147","v":0}]
[11.1,"EXCP – A "]
[11.2,"EXCP – B "]
[11.3,"EXCP – C"]
[11.4,"EXCP – D "]
[null,"All clamps supplied with M12 HDG bolts, nuts and washers"]
[12,"EYBC TYPE INCLUDING ANY COMBINATION OF THE BELOW","YBC TYPE INCLUDING ANY COMBINATION OF THE BELOW",{"$f":"'BOQ PER SITE'!D153*60","v":720},"EA",null,{"$f":"D153*F153","v":0}]
[12.1,"EYBC – A ","YBC26/26/15"]
[12.2,"EYBC – B ","YBC26/28/33"]
[12.3,"EYBC – C","YBC38/26/15"]
[12.4,"EYBC – D ","YBC38/38/15"]
[12.5,"EYBC – E ","YBC38/38/33"]
[null,"All clamps supplied with M12 HDG bolts, nuts and washers"]
[13,"ES TYPE INCLUDING ANY COMBINATION OF THE BELOW","S TYPE INCLUDING ANY COMBINATION OF THE BELOW",{"$f":"'BOQ PER SITE'!D160*60","v":4320},"EA",null,{"$f":"D160*F160","v":0}]
[13.1,"ES – A ","S1"]
[13.2,"ES – B ","S2"]
[13.3,"ES – C ","S3"]
[13.4,"ES – D ","S4"]
[13.5,"ES – E ","S5"]
[null,"Fittings supplied with HDG M12 bolts, nuts and washers"]
[14,"EPT TYPE INCLUDING ANY COMBINATION OF THE BELOW",null,{"$f":"'BOQ PER SITE'!D167*60","v":720},"EA",null,{"$f":"D167*F167","v":0}]
[14.1,"EPT – A "]
[14.2,"EPT – B "]
[null,"All clamps supplied with M12 HDG bolts, nuts and washers"]
[15,"MISCELLANEOUS CLAMPS"]
[15.1,"Bracket Control Cable ",null,{"$f":"'BOQ PER SITE'!D172*60","v":12000},"EA",null,{"$f":"D172*F172","v":0}]
[15.2,"Ball Joint Portable Earth",null,{"$f":"'BOQ PER SITE'!D173*60","v":12000},"EA",null,{"$f":"D173*F173","v":0}]
[15.3,"Lug AL Hornet 1B M12 0DG 1/C",null,{"$f":"'BOQ PER SITE'!D174*60","v":12000},"EA",null,0]
[16,"CONDUCTOR"]
[16.1,"Hornet AAAC",null,{"$f":"'BOQ PER SITE'!D176*60","v":30000},"m",null,{"$f":"D176*F176","v":0}]
[16.2,"Covered Hornet AAAC",null,{"$f":"'BOQ PER SITE'!D177*60","v":12000},"m",null,{"$f":"D177*F177","v":0}]
[16.3,"Centipede AAAC",null,{"$f":"'BOQ PER SITE'!D178*60","v":30000},"m",null,0]
[16.4,"Covered Centipede AAAC",null,{"$f":"'BOQ PER SITE'!D179*60","v":12000},"m",null,0]
[16.5,"Bull AAAC",null,{"$f":"'BOQ PER SITE'!D180*60","v":120000},"m",null,0]
[16.6,"Covered Bull AAAC",null,{"$f":"'BOQ PER SITE'!D181*60","v":6000},"m",null,0]
[17,"DELIVERY"]
[17.1,"Delivery to site per LDV  ≤1000kg",null,{"$f":"'BOQ PER SITE'!D183*60","v":150000},"km",null,0]
[17.2,"Delivery to Site per Truck ≥1000kg",null,{"$f":"'BOQ PER SITE'!D184*60","v":150000},"km",null,0]
[{"$nulls":5},"Total per site",{"$f":"SUM(G5:G184)","v":0}]

{"sheet":"SOW","index":2,"n_rows":184,"n_cols":4,"rows_kept":184,"merged":[[0,0,0,3],[1,0,1,3],[4,3,10,3],[10,1,10,2],[12,3,28,3],[28,1,28,2],[30,3,40,3],[40,1,40,2],[42,3,71,3],[71,1,71,2],[73,3,100,3],[100,1,100,2],[101,1,101,2],[102,1,102,2],[102,3,104,3],[103,1,103,2],[104,1,104,2],[106,3,115,3],[115,1,115,2],[117,3,126,3],[126,1,126,2],[128,3,141,3],[143,3,145,3],[145,1,145,2],[146,1,146,2],[147,1,147,2],[147,3,151,3],[148,1,148,2],[149,1,149,2],[150,1,150,2],[151,1,151,2],[153,3,158,3],[158,1,158,2],[160,3,165,3],[165,1,165,2],[167,1,167,2],[167,3,170,3],[168,1,168,2],[169,1,169,2],[170,1,170,2],[171,1,171,2],[172,1,172,2],[173,1,173,2],[174,1,174,2],[175,1,175,2],[176,1,176,2],[177,1,177,2],[178,1,178,2],[179,1,179,2],[180,1,180,2],[181,1,181,2],[182,1,182,2],[183,1,183,2]]}
["Supply and delivery of Eskom approved Substation Clamps and Eskom marked AAAC Conductor"]
["1) THE SUPPLY AND DELIVERY OF ESKOM APPROVED CLAMPS AND ESKOM MARKED CONDUCTOR AS PER ESKOM IDENTIFIED REQUIREMENTS ON VARIOUS SUBSTATIONS / SITES ACROSS ALL SOUTH AFRICAN PROVINCES.\n2) Supplier to comply with all Eskom SHEQ standards and requirements at all times. \n3) Supplier to contact SITE MANAGER for information and directions prior to delivery being made.  \n4) Supplier Vehicles to comply to all relevant Eskom and Site specifications and regulations.\n5) All products to fully comply with applicable Eskom / SABS Specifications.\n"]
["ITEM","NEW TYPE DESIGNATION","OLD TYPE DESIGNATION","UoM"]
[1,"EUT TYPE INCLUDING ANY COMBINATION OF THE BELOW","UT YPE INCLUDING ANY COMBINATION OF THE BELOW","EA"]
[1.1,"EUT-A","UT-1"]
[1.2,"EUT-B","UT-2"]
[1.3,"EUT-C","UT-3"]
[1.4,"EUT-D","UT-4"]
[1.5,"EUT-E","UT-5"]
[1.6,"EUT-F","UT-6"]
[null,"All clamps supplied with M12 Galvanised U-bolts, nuts and washers"]
[2,"EXC YPE INCLUDING ANY COMBINATION OF THE BELOW","KC YPE INCLUDING ANY COMBINATION OF THE BELOW","EA"]
[2.1,"EXC – A ","KC1"]
[2.2,"EXC – B ","KC2"]
[2.3,"EXC – C ","KC3"]
[2.4,"EXC – D ","KC4"]
[2.5,"EXC – E ","KC5"]
[2.6,"EXC – F ","KC6"]
[2.7,"EXC – G ","KC7"]
[2.8,"EXC – H ","KC8"]
[2.9,"EXC – J ","KC9"]
["2.10","EXC – K ","KC10"]
[2.11,"EXC – L ","KC11"]
[2.12,"EXC – M ","KC12"]
[2.13,"EXC – N ","KC13"]
[2.14,"EXC – P ","KC14"]
[2.15,"EXC – Q ","KC15"]
[2.16,"EXC – R","KC16"]
[null,"All clamps supplied with M12 HDG, nuts and washers"]
[3,"EX TYPE INCLUDING ANY COMBINATION OF THE BELOW","K TYPE INCLUDING ANY COMBINATION OF THE BELOW","EA"]
[3.1,"EX – A ","K1"]
[3.2,"EX – B ","K2"]
[3.3,"EX – C ","K3"]
[3.4,"EX – D ","K4"]
[3.5,"EX – E ","K5"]
[3.6,"EX – F ","K6"]
[3.7,"EX – G ","K7"]
[3.8,"EX – H ","K8"]
[3.9,"EX – J ","K9"]
["3.10","EX – K ","K10"]
[null,"All clamps supplied with M10/12 HDG bolts, nuts and washers"]
[4,"ETC TYPE INCLUDING ANY COMBINATION OF THE BELOW","TC TYPE INCLUDING ANY COMBINATION OF THE BELOW","EA"]
[4.1,"ETC – A ","TC 1"]
[4.2,"ETC – B ","TC 2"]
[4.3,"ETC – C ","TC 3"]
[4.4,"ETC – D ","TC 4"]
[4.5,"ETC – E ","TC 5"]
[4.6,"ETC – F ","TC 6"]
[4.7,"ETC – G ","TC 7"]
[4.8,"ETC – H ","TC 8"]
[4.9,"ETC – J ","TC 9"]
["4.10","ETC – K","TC 10"]
[4.11,"ETC – L ","TC 11"]
[4.12,"ETC – M ","TC 12"]
[4.13,"ETC – N ","TC 13"]
[4.14,"ETC - P","TC 14"]
[4.15,"ETC – Q ","TC 15"]
[4.16,"ETC – R","TC 16"]
[4.17,"ETC – S ","TC 17"]
[4.18,"ETC – T ","TC 18"]
[4.19,"ETC – U ","TC 19"]
["4.20","ETC – V ","TC 20"]
[4.21,"ETC – W ","TC 21"]
[4.22,"ETC – X ","TC 22"]
[4.23,"ETC – Y ","TC 23"]
[4.24,"ETC – Z ","TC 24"]
[4.25,"ETC – AA ","TC 25"]
[4.26,"ETC – AB ","TC 26"]
[4.27,"ETC – AC ","TC 27"]
[4.28,"ETC – AD","TC 28"]
[4.29,"ETC – AE","TC 29"]
[null,"All clamps supplied with M12 HDG bolts, nuts and washers"]
[5,"EYC TYPE INCLUDING ANY COMBINATION OF THE BELOW","YC TYPE INCLUDING ANY COMBINATION OF THE BELOW","EA"]
[5.1,"EYC – A ","YC1"]
[5.2,"EYC – B","YC2"]
[5.3,"EYC – C ","YC3"]
[5.4,"EYC – D","YC4"]
[5.5,"EYC – E ","YC5"]
[5.6,"EYC – F ","YC6"]
[5.7,"EYC – G ","YC7"]
[5.8,"EYC – H ","YC8"]
[5.9,"EYC – J ","YC9"]
["5.10","EYC – K ","YC10"]
[5.11,"EYC – L ","YC11"]
[5.12,"EYC – M ","YC12"]
[5.13,"EYC – N ","YC13"]
[5.14,"EYC – P ","YC14"]
[5.15,"EYC – Q","YC15"]
[5.16,"EYC – R ","YC16"]
[5.17,"EYC – S ","YC17"]
[5.18,"EYC – T ","YC18"]
[5.19,"EYC – U ","YC19"]
["5.20","EYC – V ","YC20"]
[5.21,"EYC – W","YC21"]
[5.22,"EYC – X ","YC22"]
[5.23,"EYC – Y","YC23"]
[5.24,"EYC – Z ","YC24"]
[5.25,"EYC – AA","YC25"]
[5.26,"EYC – AB ","YC26"]
[5.27,"EYC – AC ","YC27"]
[null,"All clamps supplied with M12 HDG, nuts and washers"]
[6,"EY 3 TYPE INCLUDING ANY COMBINATION OF THE BELOW",null,"EA"]
[6.1,"EY 3 – A "]
[6.2,"EY 3 – B "]
[null,"All clamps supplied with M12 HDG bolts, nuts and washers"]
[7,"EY TYPE INCLUDING ANY COMBINATION OF THE BELOW","Y TYPE INCLUDING ANY COMBINATION OF THE BELOW","EA"]
[7.1,"EY – A ","Y 1"]
[7.2,"EY – B ","Y 2"]
[7.3,"EY – C ","Y 3"]
[7.4,"EY – D ","Y 4"]
[7.5,"EY – E ","Y 5"]
[7.6,"EY – F ","Y 6"]
[7.7,"EY – G","Y 7"]
[7.8,"EY – H ","Y 8"]
[7.9,"EY – J ","Y 9"]
[null,"All clamps supplied with M12 HDG bolts, nuts and washers"]
[8,"EYC 3TYPE INCLUDING ANY COMBINATION OF THE BELOW","3YC TYPE INCLUDING ANY COMBINATION OF THE BELOW","EA"]
[8.1,"EYC 3 – A","3YC1"]
[8.2,"EYC 3 – B ","3YC2"]
[8.3,"EYC 3 – C ","3YC3"]
[8.4,"EYC 3 – D","3YC4"]
[8.5,"EYC 3 – E ","3YC5"]
[8.6,"EYC 3 – F ","3YC6"]
[8.7,"EYC 3 – G","3YC7"]
[8.8,"EYC 3 – H ","3YC8"]
[8.9,"EYC 3 – J ","3YC9"]
[null,"All clamps supplied with M12 HDG bolts, nuts and washers"]
[9,"EPC TYPE INCLUDING ANY COMBINATION OF THE BELOW","SPC TYPE INCLUDING ANY COMBINATION OF THE BELOW","EA"]
[9.1,"EPC – A ","SPC1"]
[9.2,"EPC – B","SPC2"]
[9.3,"EPC – C ","SPC3"]
[9.4,"EPC – D ","SPC4"]
[9.5,"EPC – E","SPC5"]
[9.6,"EPC – F ","SPC6"]
[9.7,"EPC – G ","SPC7"]
[9.8,"EPC – H ","SPC8"]
[9.9,"EPC – J ","SPC9"]
["9.10","EPC – K","SPC10"]
[9.11,"EPC – L ","SPC11"]
[9.12,"EPC – M ","SPC12"]
[9.13,"EPC – N ","SPC13"]
[9.14,"EPC – P ","SPC14"]
[10,"EXP TYPE INCLUDING ANY COMBINATION OF THE BELOW","STP TYPE INCLUDING ANY COMBINATION OF THE BELOW","EA"]
[10.1,"EXP – A ","STP 26"]
[10.2,"EXP – B ","STP 38"]
[null," All clamps supplied with M12 HDG, nuts and washers"]
[11,"EXCP TYPE INCLUDING ANY COMBINATION OF THE BELOW",null,"EA"]
[11.1,"EXCP – A "]
[11.2,"EXCP – B "]
[11.3,"EXCP – C"]
[11.4,"EXCP – D "]
[null,"All clamps supplied with M12 HDG bolts, nuts and washers"]
[12,"EYBC TYPE INCLUDING ANY COMBINATION OF THE BELOW","YBC TYPE INCLUDING ANY COMBINATION OF THE BELOW","EA"]
[12.1,"EYBC – A ","YBC26/26/15"]
[12.2,"EYBC – B ","YBC26/28/33"]
[12.3,"EYBC – C","YBC38/26/15"]
[12.4,"EYBC – D ","YBC38/38/15"]
[12.5,"EYBC – E ","YBC38/38/33"]
[null,"All clamps supplied with M12 HDG bolts, nuts and washers"]
[13,"ES TYPE INCLUDING ANY COMBINATION OF THE BELOW","S TYPE INCLUDING ANY COMBINATION OF THE BELOW","EA"]
[13.1,"ES – A ","S1"]
[13.2,"ES – B ","S2"]
[13.3,"ES – C ","S3"]
[13.4,"ES – D ","S4"]
[13.5,"ES – E ","S5"]
[null,"Fittings supplied with HDG M12 bolts, nuts and washers"]
[14,"EPT TYPE INCLUDING ANY COMBINATION OF THE BELOW",null,"EA"]
[14.1,"EPT – A "]
[14.2,"EPT – B "]
[null,"All clamps supplied with M12 HDG bolts, nuts and washers"]
[15,"MISCELLANEOUS CLAMPS"]
[15.1,"Bracket Control Cable ",null,"EA"]
[15.2,"Ball Joint Portable Earth",null,"EA"]
[15.3,"Lug AL Hornet 1B M12 0DG 1/C",null,"EA"]
[16,"CONDUCTOR"]
[16.1,"Hornet AAAC",null,"m"]
[16.2,"Covered Hornet AAAC",null,"m"]
[16.3,"Centipede AAAC",null,"m"]
[16.4,"Covered Centipede AAAC",null,"m"]
[16.5,"Bull AAAC",null,"m"]
[16.6,"Covered Bull AAAC",null,"m"]
[17,"DELIVERY"]
[17.1,"Delivery to site per LDV  ≤1000kg",null,"km"]
[17.2,"Delivery to Site per Truck ≥1000kg",null,"km"]